000 00387nam a2200145Ka 4500
040 _cDDC
082 _a372 SCO 1988 A108 Or.
245 0 0 _aCommunities near and far /
260 _aGlenview, IL :
_bScott, foresman and company,
_c1988.
300 _a324 p. :
_bill. ;
_c26 cm.
490 0 _aScott, foresman social studies
500 _aGrade 3
650 0 _aSocial sciences
942 _cEK
999 _c16773
_d16773